000
00308nam a22000977a 4500
008
150727b xxu||||| |||| 00| 0 eng d
010
_8
HCCRSARF:038
245
_a
HIGH COURT CRIMINAL SESSION NO.126 OF 1982 Uganda Vs Benedicto Ogwang
260
_a
High Court Kampala
500
_3
BEFORE: Hon. Mr. Justice A.H.O Oder
999
_c
8247
_d
8247